Datum a čas kvízu

28.5 Celkem bodů Celkový počet nahraných bodů na tomto kvízu bez doplňovacích otázek.
7. Pořadí na kvízu Konečné umístění týmu na tomto kvízu.

Zaznamenané odpovědi

# Otázka Odpověď Body Výsledky
1. Když Miloš Zeman volil, pokusi... 0.5
2. Chuť na víno dodala odvahy jis... 1
3. Jistě jste zaznamenali, že let... 1
4. V britském hrabství Worcesters... 0
5. Zdá se, že nám roste v jižních... 0
6. Pro mimobrněnské soutěžící upř... 1
7. Bývalé pražské nakladatelství... 0
8. Na název českého spolku zaměře... 0
9. Kmen tvořící velkou část obyva... 0
10. Ze šalinkarty vyberete i to, c... 1